Regangan untuk sukan (Record no. 53743)

MARC details
000 -LEADER
fixed length control field 00728nam a2200265 i 4500
001 - CONTROL NUMBER
control field C2-0238308
003 - CONTROL NUMBER IDENTIFIER
control field PPAK
005 - DATE AND TIME OF LATEST TRANSACTION
control field 20180727201500.0
008 - FIXED-LENGTH DATA ELEMENTS--GENERAL INFORMATION
fixed length control field 020410s2002 my a|||| ||||| | may d
020 ## - INTERNATIONAL STANDARD BOOK NUMBER
International Standard Book Number 9831651847
040 ## - CATALOGING SOURCE
Original cataloging agency PPAK
Language of cataloging eng
Transcribing agency PPAK
Description conventions rda
082 04 - DEWEY DECIMAL CLASSIFICATION NUMBER
Classification number 039
Edition number 23
090 00 - LOCALLY ASSIGNED LC-TYPE CALL NUMBER (OCLC); LOCAL CALL NUMBER (RLIN)
Classification number (OCLC) (R) ; Classification number, CALL (RLIN) (NR) 039
Feature heading TEN
Feature heading RK
100 1# - MAIN ENTRY--PERSONAL NAME
Personal name Ten, Helen,
Relator term author
245 10 - TITLE STATEMENT
Title Regangan untuk sukan
264 #1 - PRODUCTION, PUBLICATION, DISTRIBUTION, MANUFACTURE, AND COPYRIGHT NOTICE
Place of production, publication, distribution, manufacture Petaling Jaya, Selangor :
Name of producer, publisher, distributor, manufacturer Kualiti Books ,
Date of production, publication, distribution, manufacture, or copyright notice 2002
300 ## - PHYSICAL DESCRIPTION
Extent 70 pages :
Other physical details illustrations ;
Dimensions 26 cm
336 ## - CONTENT TYPE
Source rdacontent
Content type term text
337 ## - MEDIA TYPE
Source rdamedia
Media type term unmediated
338 ## - CARRIER TYPE
Source rdacarrier
Carrier type term volume
490 1# - SERIES STATEMENT
Series statement Siri pengetahuan sukan
650 10 - SUBJECT ADDED ENTRY--TOPICAL TERM
Topical term or geographic name entry element Knowledge ; Sports
830 #0 - SERIES ADDED ENTRY--UNIFORM TITLE
Uniform title Siri pengetahuan sukan
942 ## - ADDED ENTRY ELEMENTS (KOHA)
-- dc
Koha item type Book
Holdings
Withdrawn Not for loan Current library Shelving location Date acquired Full call number Barcode Date last seen Koha item type Total Checkouts
  Not For Loan Perpustakaan Alor Setar Rujukan Kanak-kanak 18/06/2002 RK 039 TEN A00996684 08/05/2018 Book  
  Not For Loan Perpustakaan Awam Sungai Petani Rujukan Kanak-kanak 18/06/2002 RK 039 TEN A00996685 08/05/2018 Book  
  Not For Loan Perpustakaan Baling Rujukan Kanak-kanak 12/05/2003 RK 039 TEN A01028251 08/05/2018 Book  
  Not For Loan Perpustakaan Baling Rujukan Kanak-kanak 12/05/2003 RK 039 TEN A01028252 08/05/2018 Book  
  Not For Loan Perpustakaan Bandar Baharu Rujukan Kanak-kanak 18/06/2002 RK 039 TEN A00996690 08/05/2018 Book  
  Not For Loan Perpustakaan Jitra Rujukan Kanak-kanak 18/06/2002 RK 039 TEN A00996686 08/05/2018 Book  
  Not For Loan Perpustakaan Kulim Rujukan Kanak-kanak 18/06/2002 RK 039 TEN A00996688 08/05/2018 Book  
  Not For Loan Perpustakaan Langkawi Rujukan Kanak-kanak 18/06/2002 RK 039 TEN A00996687 08/05/2018 Book  
  Not For Loan Perpustakaan Sik Rujukan Kanak-kanak 18/06/2002 RK 039 TEN A00996691 08/05/2018 Book  
  Not For Loan Perpustakaan Yan Rujukan Kanak-kanak 18/06/2002 RK 039 TEN A00996689 08/05/2018 Book